Catequesis económica-política

Saved in:
Bibliografiske detaljer
Hovedforfatter: García Ahumada, Enrique (Author)
Format: Bog
Sprog:spansk
Udgivet: Santiago ONAC 1984
Fag:
Tags: Tilføj Tag
Ingen Tags, Vær først til at tagge denne postø!

MARC

LEADER 00000nam a2200000 a 4500
001 UCW9667
003 CL-VaPUC
008 890605e19840000CL |||||||||||||||||spa|d
082 0 4 |a 261.1  |b GAR  |2 21 
100 |a García Ahumada, Enrique  |e author  |9 600813 
245 1 0 |a Catequesis económica-política 
300 |a 5 v 
942 |c BK 
945 |d 19890605 00:00:00  |a aalvarez 
260 |a Santiago  |b ONAC  |c 1984 
650 0 |a Iglesia católica y problemas sociales   |9 255796 
650 7 |a IGLESIA CATOLICA ACTIVIDAD POLITICA  |2 CL-VaPUC  |9 315028 
583 |a last modification  |c 19890605 00:00:00  |k Rodrigo Vera 
999 |c 221579  |d 221577 
952 |0 0  |1 0  |4 0  |6 261_100000000000000_GAR_1984  |7 0  |8 A  |9 215056  |a BIBTEO  |b BIBTEO  |d 2019-11-15  |h v.1  |i 2836149  |o 261.1 GAR 1984  |p 2836149  |r 2025-01-17  |w 2019-11-15  |y BK  |k ICR 
952 |0 0  |1 0  |4 0  |6 261_100000000000000_GAR_1984  |7 0  |8 A  |9 215057  |a BIBTEO  |b BIBTEO  |d 2019-11-15  |h v.2  |i 2836157  |o 261.1 GAR 1984  |p 2836157  |r 2025-01-17  |w 2019-11-15  |y BK  |k ICR 
952 |0 0  |1 0  |4 0  |6 261_100000000000000_GAR_1984  |7 0  |8 A  |9 215058  |a BIBTEO  |b BIBTEO  |d 2019-11-15  |h v.3  |i 2836165  |o 261.1 GAR 1984  |p 2836165  |r 2025-01-17  |w 2019-11-15  |y BK  |k ICR 
952 |0 0  |1 0  |4 0  |6 261_100000000000000_GAR_1984  |7 0  |8 A  |9 215059  |a BIBTEO  |b BIBTEO  |d 2019-11-15  |h v.4  |i 2836173  |o 261.1 GAR 1984  |p 2836173  |r 2025-01-17  |w 2019-11-15  |y BK  |k ICR